000 00590nam a2200193Ii 4500
003 JO-AjNU
008 230605s9999||||xx |||||||||||||| ||und||
040 _aJO-AjNU
_bara
_erda
_cJO-AjNU
041 _aara
050 1 4 _aBP131.2
100 3 _aتاليف زكي، أحمد,
_eauthor
_913052
245 0 0 _aمع الله .. في السماء
264 3 1 _aبيروت: د.ن، د.ت
300 _a215ص
336 _atext
_btxt
_2rdacontent
337 _aunmediated
_bn
_2rdamedia
338 _avolume
_bnc
_2rdacarrier
650 4 _aالسماء - الارض - القران - اعجاز
_913053
999 _aA3148
_c6716
_d6716